000 00584nam a2200205 i 4500
001 bgj
110 2 _aCentral Office of Information.
245 0 _aBritain 1997 : an official handbook /
_cprepared by the Central Office of Information.
260 _bCentral Offce of Information,
_ccop. 1996.
300 _aXV, 560 pp :
_bphotos ;
_c25 cm.
505 _aIncl. index.
651 9 _aBritain
655 _aHandbook
020 _a0117020451 (hbk)
040 _cBPK
041 0 _aeng
920 _a0-11-702045-1 (hbk)
942 _cKS
008 s uk f |000 0 eng
999 _c50178
_d50178
856 _uhttp://koha.tu.koszalin.pl/cgi-bin/koha/opac-detail.pl?biblionumber=50178
_yKatalog online BPK